Musical Movies - Sudden Death #2 - Statistics

General Stats
  • This quiz has been taken 3,870 times
    2,559 since last reset
  • The average score is 15 of 36
Answers on the Grid
Answers color-coded by a green-red scale on the quiz's grid according to % correct below.
La La Land
The Greatest Showman
The Sound of Music
High School Musical
Little Shop of Horrors
The Rocky Horror Picture Show
Beauty and the Beast
Chitty Chitty Bang Bang
Singin' in the Rain
The Phantom of the Opera
Tick, Tick...BOOM!
In the Heights
Sweeney Todd: The Demon Barber of Fleet Street
Journey to Bethlehem
Teen Beach Movie
The Lion King
Bohemian Rhapsody
Mamma Mia!
Les Miserables
Peter Pan
The Little Mermaid
Alvin and the Chipmunks
Pitch Perfect
A Star is Born
Snow White and the Seven Dwarfs
The Polar Express
The Princess and the Frog
Mary Poppins
The Muppets
Willy Wonka and the Chocolate Factory
Weird: The Al Yankovic Story
The Wizard of Oz
Walk the Line
Sing Street
Alice in Wonderland (1951)
Charlie and the Chocolate Factory
Edward Scissorhands
The Rescuers
The Fox and the Hound
Oz the Great and Powerful
The School For Good and Evil
Alice in Wonderland (2010)
Little Women (1994)
Little Women (2019)
Fantastic Mr. Fox
Inside Out
The Good Dinosaur
Turning Red
Toy Story (1995)
Toy Story 3 (2010)
Hocus Pocus
The Odd Life of Timothy Green
13 Going on 30
How to Lose a Guy in 10 Days
The Santa Clause
It's a Wonderful Life
Gone With the Wind
Garfield
Dr. Dolittle (1998)
Because of Winn-Dixie
Coming to America
 
Answer Stats
Answer % Correct
La La Land
62%
High School Musical
61%
Mamma Mia!
60%
The Greatest Showman
59%
The Sound of Music
58%
Les Miserables
57%
The Phantom of the Opera
57%
Beauty and the Beast
56%
Mary Poppins
56%
Singin' in the Rain
56%
The Lion King
55%
The Little Mermaid
53%
A Star is Born
52%
Pitch Perfect
52%
Bohemian Rhapsody
51%
The Wizard of Oz
49%
The Rocky Horror Picture Show
48%
Snow White and the Seven Dwarfs
42%
Little Shop of Horrors
40%
Sweeney Todd: The Demon Barber of Fleet Street
40%
The Princess and the Frog
40%
Chitty Chitty Bang Bang
37%
Tick, Tick...BOOM!
35%
Alvin and the Chipmunks
34%
In the Heights
33%
The Muppets
31%
Teen Beach Movie
30%
Willy Wonka and the Chocolate Factory
30%
Charlie and the Chocolate Factory
26%
Peter Pan
25%
Walk the Line
24%
Sing Street
21%
Weird: The Al Yankovic Story
19%
Alice in Wonderland (1951)
17%
The Polar Express
13%
Journey to Bethlehem
6%
No matching quizzes found
Score Distribution
Percent of People with Each Score
Percentile by Number Answered
Your Score History
You have not taken this quiz since the last reset